|
|
|
|
| LEADER |
00000cam a2200000 a 4500 |
| 001 |
UCF9656 |
| 003 |
CL-VaPUC |
| 008 |
131206e20130000us |||||||||||||||||eng|d |
| 020 |
|
|
|a 9780321753083
|
| 082 |
0 |
4 |
|a 530
|b KNI
|2 21
|
| 100 |
|
|
|a Knight, Randall D
|e author
|9 572010
|
| 245 |
1 |
0 |
|a Physics for scientists and engineers: a strategic approach, with modern Physics. Student Workbook
|
| 250 |
|
|
|a 3a. ed
|
| 300 |
|
|
|a pág. irreg
|
| 942 |
|
|
|c BK
|
| 945 |
|
|
|d 20131206 11:14:00
|a cmena
|
| 260 |
|
|
|a Boston
|b Pearson
|c 2013
|
| 650 |
|
0 |
|a Física
|9 227844
|
| 650 |
|
7 |
|a FISICA MECANICA
|2 CL-VaPUC
|9 476843
|
| 650 |
|
0 |
|a Termodinámica
|9 259320
|
| 650 |
|
0 |
|a Propagación de ondas
|9 263256
|
| 650 |
|
0 |
|a Electromagnetismo
|9 260123
|
| 650 |
|
0 |
|a Física cuántica
|9 354949
|
| 650 |
|
0 |
|a Ley de Newton
|9 350128
|
| 650 |
|
0 |
|a Teoría de la relatividad
|9 266149
|
| 583 |
|
|
|a last modification
|c 20131206 11:14:00
|k Rodrigo Vera
|
| 999 |
|
|
|c 354072
|d 354070
|